01548agaaa2200313 45000010005000000030009000050050017000140070009000310080040000400400023000800410013001031000056001161300018001722450087001902500022002772600124002993000034004235080078004575200120005355380016006555460013006716500079006847000063007637000070008267000068008969420012009649990019009769520239009957949IT-RoPAU20220918181227.0d cvaizq50131s9999||||xx ||| | || ||und|| aIT-RoPAUcIT-RoPAU aITALIANO aNevano VittoriogCodice regista SPICS: 42390938552 aMYRIAM938553 aMYRIAMcDiretto da: Nevano VittoriopMYRIAM (Rif. Codice opera principale : E7949) aEdizione Standard aROMA (ITALIA)bRAI - RADIO TELEVISIONE ITALIANA / Distribuzione: RAI 3g"1997 (1° ed.: 1997 ; Ed. Lingua Orig.: 1997)" aVHSbsonoro, col.c120 minuti a"Fotografia: Ziroli Davide; Montaggio: Ceo Vito; Musica: Ceccarelli L.; " aALL'INTERNO DI: NATALE SU RAI 3 (FOSCHINI/LORENZA, GIACOBBO/ROBERTO, MADIA/STEFANO).REGISTRATO IL 24 DICEMBRE 1997. aPAL, STEREO aITALIANO aPROGRAMMAeTV-PROGRAMMI RELIGIOSI [VHS]xCodice MATERIA SPICS: 9963938554 aCeccarelli L.e(musica)gCodice Musica SPICS: 18903938555 aMessori Vittorio e(soggetto)gCodice Soggetto SPICS: 3823938556 aNevano Vittorio e(regista)gCodice regista SPICS: 42390938557 cVH2ddc c104942d104942 0010406E_7949_00000000000000071aSPICSbSPICSd2015-01-31l0oE7949r2015-01-31 00:00:00w2015-01-31yVHzProgr. Ins.: 790 / N.Vol.:1 / Copie: 1 / Pag.: / Copia rara: n.d. / date import: 1.2.2015 / By Epidotti, Trombetti, Vaglietti